| 000 | 00861nam a2200289Ia 4500 | ||
|---|---|---|---|
| 001 | Para_7316 | ||
| 003 | CHAP | ||
| 008 | 220125s1952 xx 000 0 und d | ||
| 010 | _a206204 | ||
| 040 | _cCHAP | ||
| 090 | _aPA R-74 | ||
| 100 |
_aBeebe, William _9172433 |
||
| 245 |
_aAn annotated list of the mantids (Orthoptera mantoidea) of Trinidad, B.W.I. / _c William Beebe, Jocelyn Crane and Sally Hughes-Schrader |
||
| 260 |
_aNew York : _b Zoological Society |
||
| 300 | _a22 p. | ||
| 500 | _aSobretiro de: Zoologica, 37(4): 245-258, 1952 | ||
| 650 |
_aOrtopteros _984147 |
||
| 700 |
_aCrane, Jocelyn _9172434 |
||
| 700 |
_aHughes _xSchrader, Sally _9172435 |
||
| 901 | _aPA R-74 | ||
| 902 | _aA | ||
| 905 | _a0000001952 a 0000000000 00 | ||
| 910 | _a1952 | ||
| 942 | _cPARA | ||
| 942 |
_cPARA _d1 |
||
| 999 |
_c206204 _d206204 |
||